Hakayt e Roomi wa Saadi (Record no. 325475)

000 -LEADER
fixed length control field 00366 a2200133 4500
001 - CONTROL NUMBER
control field 90402
082 ## - DEWEY DECIMAL CLASSIFICATION NUMBER
Classification number 891.55 TAS
090 ## - LOCALLY ASSIGNED LC-TYPE CALL NUMBER (OCLC); LOCAL CALL NUMBER (RLIN)
-- 42722
-- 42722
100 ## - MAIN ENTRY--PERSONAL NAME
Personal name Tasadduq Hussain
245 ## - TITLE STATEMENT
Title Hakayt e Roomi wa Saadi
Remainder of title Saada Aasaan Aur Dilchusp Asloob
Statement of responsibility, etc. Dr Tasadduq Hussain
Medium Urdu
260 ## - PUBLICATION, DISTRIBUTION, ETC.
Place of publication, distribution, etc. Lahore
Name of publisher, distributor, etc. Romail House
Date of publication, distribution, etc. 2010
300 ## - PHYSICAL DESCRIPTION
Extent 175P.
500 ## - GENERAL NOTE
General note General Books
942 ## - ADDED ENTRY ELEMENTS (KOHA)
Institution code [OBSOLETE] CAE NUST
Call number prefix 891.55 TAS
Holdings
Withdrawn status Lost status Damaged status Not for loan Collection code Permanent Location Current Location Date acquired Total Checkouts Full call number Barcode Date last seen Price effective from Koha item type
          College of Aeronautical Engineering (CAE) College of Aeronautical Engineering (CAE) 04/03/2017   891.55 TAS CAE86488 04/05/2017 04/05/2017 Book
© 2023 Central Library, National University of Sciences and Technology. All Rights Reserved.